Statistiche per Stati che confinano con il Kenya

Clicka qui per fare il quiz!

Statistiche generali

  • Questo quiz è stato fatto 10 volte
  • Il punteggio medio è 3 su 5

Statistiche sulle risposte

Superficie (km²)Popolazione (ab.)Lunghezza confine (km)Stato% Corretto
637 65712 388 249684Somalia
100%
1 127 127121 387 119867Etiopia
71%
945 09064 044 690775Tanzania
71%
241 03846 000 001814Uganda
57%
619 74510 748 278317Sudan del Sud
43%

Distribuzione punteggi

Percentile per numero di risposta

Percentuale di utenti per punteggio

I tuoi punteggi nel tempo

Non hai fatto questo quiz